000 00288nam a22001337a 4500
008 170503b xxu||||| |||| 00| 0 eng d
020 _a9780316507325
041 _aeng
080 _24TH
_a34
100 _a14
101 _aSHJ
245 _aLEGAL RESEARCH
_cKUNZ, CH.L
942 _2udc
_cBK
999 _c12501
_d12501